[Event "BPB Limburg open C"]
[Site "Maastricht"]
[Date "2014.06.06"]
[Round "1"]
[White "Barbaric, Marko"]
[Black "Ulburghs, Piet"]
[Result "0-1"]
[WhiteElo "1410"]
[BlackElo "1683"]
[PlyCount "94"]
[EventDate "2014.06.06"]
[EventType "swiss"]
[EventRounds "7"]
[EventCountry "NED"]
[Source "P.Boonen"]
[SourceDate "2014.10.10"]

1. e4 c5 2. Nf3 e6 3. Nc3 a6 4. a4 Nc6 5. Bc4 b6 6. d3 Be7 7. e5 d6 8. Qe2 dxe5
9. Nxe5 Nd4 10. Qd1 Bb7 11. O-O Bf6 12. Ng4 Be7 13. Ne5 Nf6 14. Ne2 Bd6 15.
Nxd4 Bxe5 16. Nf3 Bc7 17. h3 Qd6 18. g3 Nd5 19. Re1 O-O 20. Ng5 h6 21. Ne4 Qd8
22. Qf3 Rb8 23. Bd2 Kh8 24. Qd1 Qd7 25. Qc1 Kh7 26. Bxh6 f6 27. Bd2 Qf7 28. Qd1
Rbe8 29. Qf3 Be5 30. Rab1 Kg8 31. c3 Bc7 32. Re2 Qd7 33. Bb3 Bd8 34. Rbe1 Rf7
35. Bc2 Nc7 36. Nxf6+ Rxf6 37. Qxb7 Qf7 38. Qxb6 Qh5 39. Kh2 Ref8 40. Be3 Nd5
41. Qxc5 Bb6 42. Qc4 Nxe3 43. fxe3 Rf2+ 44. Rxf2 Rxf2+ 45. Kg1 Qf3 46. Qe4
Qxg3+ 47. Kh1 Rh2# 0-1

[Event "BPB Limburg open C"]
[Site "Maastricht"]
[Date "2014.06.06"]
[Round "1"]
[White "Beusen, Frank"]
[Black "Merz, Jean Philippe"]
[Result "1/2-1/2"]
[WhiteElo "1433"]
[BlackElo "1690"]
[PlyCount "96"]
[EventDate "2014.06.06"]
[EventType "swiss"]
[EventRounds "7"]
[EventCountry "NED"]
[Source "P.Boonen"]
[SourceDate "2014.10.10"]

1. d4 d5 2. c4 c6 3. e3 Nf6 4. Nc3 Bf5 5. cxd5 cxd5 6. Bd3 Bxd3 7. Qxd3 Nc6 8.
Nf3 e6 9. O-O a6 10. a3 Bd6 11. Rd1 Qc7 12. h3 h6 13. e4 dxe4 14. Nxe4 Nxe4 15.
Qxe4 O-O-O 16. Be3 Rhe8 17. Rac1 Kb8 18. Ne5 Bxe5 19. dxe5 Rxd1+ 20. Rxd1 g5
21. f4 gxf4 22. Bxf4 Qb6+ 23. Be3 Qxb2 24. Bxh6 Rg8 25. g4 Nxe5 26. Bf4 f6 27.
Re1 Ka8 28. Bxe5 fxe5 29. Qxe5 Qxa3 30. Re3 Qc1+ 31. Kh2 Qf1 32. Kg3 Qg1+ 33.
Kh4 Qf2+ 34. Rg3 Qf8 35. g5 Rh8+ 36. Kg4 Qb4+ 37. Qf4 Rh4+ 38. Kxh4 Qxf4+ 39.
Rg4 Qf7 40. g6 Qg7 41. Kg5 Kb8 42. Rh4 Qe5+ 43. Kh6 Qf6 44. Rh5 Kc8 45. Kh7 Kd8
46. g7 Qf7 47. Rh6 Qf5+ 48. Kh8 Qe5 1/2-1/2

[Event "BPB Limburg open C"]
[Site "Maastricht"]
[Date "2014.06.06"]
[Round "1"]
[White "Biot, Thomas"]
[Black "Deider, Kevin"]
[Result "1-0"]
[WhiteElo "1570"]
[BlackElo "1057"]
[PlyCount "43"]
[EventDate "2014.06.06"]
[EventType "swiss"]
[EventRounds "7"]
[EventCountry "NED"]
[Source "P.Boonen"]
[SourceDate "2014.10.10"]

1. e4 Nf6 2. Nc3 d5 3. exd5 Nxd5 4. Bc4 Nxc3 5. Qf3 e6 6. dxc3 Nc6 7. Bf4 Bd6
8. Rd1 Qe7 9. Bxd6 cxd6 10. Qg3 O-O 11. Nf3 Rd8 12. O-O Na5 13. Bd3 b6 14. Rfe1
Bb7 15. Nh4 Qf6 16. b4 Nc6 17. Re3 Rac8 18. Rf3 Qe5 19. Qh3 Ne7 20. Rg3 Rxc3
21. Bxh7+ Kxh7 22. Ng6+ 1-0

[Event "BPB Limburg open C"]
[Site "Maastricht"]
[Date "2014.06.06"]
[Round "1"]
[White "Boesmans, Peter"]
[Black "Visse, Bernard"]
[Result "0-1"]
[WhiteElo "1390"]
[BlackElo "1670"]
[PlyCount "38"]
[EventDate "2014.06.06"]
[EventType "swiss"]
[EventRounds "7"]
[EventCountry "NED"]
[Source "P.Boonen"]
[SourceDate "2014.10.10"]

1. e4 c5 2. Nc3 d6 3. Bc4 Nf6 4. d3 Nc6 5. Nf3 a6 6. a3 Rb8 7. Be3 e6 8. Bb3
Be7 9. Qe2 b5 10. O-O-O Bb7 11. Bf4 Nd4 12. Nxd4 cxd4 13. Nb1 Rc8 14. f3 Nd7
15. e5 d5 16. Bg3 Nc5 17. Ba2 a5 18. Nd2 b4 19. Qf2 Nxd3+ 0-1

[Event "BPB Limburg open C"]
[Site "Maastricht"]
[Date "2014.06.06"]
[Round "1"]
[White "Boudry, William"]
[Black "Callebaut, Katia"]
[Result "1-0"]
[WhiteElo "1610"]
[BlackElo "1236"]
[PlyCount "75"]
[EventDate "2014.06.06"]
[EventType "swiss"]
[EventRounds "7"]
[EventCountry "NED"]
[Source "P.Boonen"]
[SourceDate "2014.10.10"]

1. c4 c5 2. Nc3 e6 3. g3 d5 4. cxd5 exd5 5. Bg2 Nf6 6. d3 Be6 7. Bf4 Nc6 8. Qb3
Qd7 9. Nb5 O-O-O 10. Qc3 a6 11. Qa5 Bd6 12. Nxd6+ Qxd6 13. Bxd6 Nxa5 14. Bxc5
Kc7 15. Rc1 Nc6 16. Be7 Rd7 17. Bxf6 gxf6 18. Nf3 d4 19. b3 f5 20. Ne5 Rd6 21.
O-O f6 22. Nxc6 bxc6 23. Rc5 Rb8 24. Rfc1 Bd7 25. f4 Rb5 26. Bh3 Kb6 27. Rxb5+
axb5 28. b4 Kc7 29. Rc5 Re6 30. Kf2 Re8 31. Bxf5 Ra8 32. Bxd7 Kxd7 33. Rh5 Rh8
34. g4 h6 35. h4 Ke7 36. g5 Kf7 37. Rxh6 f5 38. Rxh8 1-0

[Event "BPB Limburg open C"]
[Site "Maastricht"]
[Date "2014.06.06"]
[Round "1"]
[White "Bratuszewski, Jorden"]
[Black "Katoen, Tom"]
[Result "1-0"]
[WhiteElo "1672"]
[BlackElo "1398"]
[PlyCount "61"]
[EventDate "2014.06.06"]
[EventType "swiss"]
[EventRounds "7"]
[EventCountry "NED"]
[Source "P.Boonen"]
[SourceDate "2014.10.10"]

1. c4 d6 2. Nc3 g6 3. g3 Bg7 4. Bg2 Nd7 5. d3 Ngf6 6. Rb1 Rb8 7. b4 b6 8. Nf3
Bb7 9. O-O O-O 10. Nd4 Bxg2 11. Kxg2 Ne8 12. Nc6 Bxc3 13. Nxd8 Rxd8 14. Qc2 Bg7
15. a4 e5 16. Rd1 f5 17. Bb2 c5 18. bxc5 bxc5 19. Bc3 Nef6 20. Rb7 Ra8 21. Ba5
e4 22. Bc7 Ne8 23. Bxd6 Nxd6 24. Rxd7 Rf6 25. d4 e3 26. f3 Re8 27. dxc5 Ne4 28.
fxe4 fxe4 29. Rxg7+ Kxg7 30. Qc3 Ref8 31. Rf1 1-0

[Event "BPB Limburg open C"]
[Site "Maastricht"]
[Date "2014.06.06"]
[Round "1"]
[White "Brunner, Karg"]
[Black "Schulte, Philipp"]
[Result "1-0"]
[WhiteElo "1683"]
[BlackElo "1417"]
[PlyCount "117"]
[EventDate "2014.06.06"]
[EventType "swiss"]
[EventRounds "7"]
[EventCountry "NED"]
[Source "P.Boonen"]
[SourceDate "2014.10.10"]

1. d4 Nf6 2. c4 e6 3. Nc3 Bb4 4. Qc2 d5 5. cxd5 exd5 6. Bg5 Qd6 7. Bxf6 Qxf6 8.
e3 Bf5 9. Qa4+ Nc6 10. Bb5 Bxc3+ 11. bxc3 a6 12. Bxc6+ Qxc6 13. Qxc6+ bxc6 14.
Nf3 f6 15. Nh4 Bd3 16. Kd2 Bc4 17. Rhb1 Kd7 18. a3 Rhb8 19. Nf5 g6 20. Nh4 Ke6
21. g3 a5 22. Ng2 Kd6 23. Kc2 Ba6 24. Rxb8 Rxb8 25. Ra2 Bc8 26. Rb2 Bf5+ 27.
Kc1 Rxb2 28. Kxb2 g5 29. Ne1 c5 30. Kb3 Kc6 31. c4 dxc4+ 32. Kxc4 Be6+ 33. Kc3
cxd4+ 34. exd4 Kb5 35. Nd3 Bd5 36. Nc5 f5 37. h4 g4 38. a4+ Kc6 39. Nd3 Bg8 40.
Nf4 Kd6 41. Ng2 Kd5 42. Kd3 Be6 43. Nf4+ Kd6 44. Nxe6 Kxe6 45. Kc4 Kd6 46. Kb5
Kd5 47. Kxa5 Kxd4 48. Kb5 c5 49. a5 c4 50. a6 c3 51. a7 c2 52. a8=Q c1=Q 53.
Qa7+ Kc3 54. Qc5+ Kd2 55. Qxf5 Qf1+ 56. Kc5 Ke1 57. Qxg4 Qxf2+ 58. Kd5 Qf7+ 59.
Qe6+ 1-0

[Event "BPB Limburg open C"]
[Site "Maastricht"]
[Date "2014.06.06"]
[Round "1"]
[White "De Bruin, Joost"]
[Black "Jedamczik, Kai"]
[Result "1-0"]
[WhiteElo "1724"]
[BlackElo "1492"]
[PlyCount "40"]
[EventDate "2014.06.06"]
[EventType "swiss"]
[EventRounds "7"]
[EventCountry "NED"]
[Source "P.Boonen"]
[SourceDate "2014.10.10"]

1. d4 d5 2. c4 c6 3. Nc3 g6 4. e4 dxe4 5. Nxe4 Bg7 6. Be3 e5 7. dxe5 Qa5+ 8.
Qd2 Qxd2+ 9. Bxd2 Bxe5 10. O-O-O Nf6 11. Nxf6+ Bxf6 12. Bh6 Be6 13. Nf3 b5 14.
Ng5 Bxc4 15. Bxc4 bxc4 16. Rhe1+ Be7 17. Bg7 h6 18. Bxh8 Nd7 19. Nf3 O-O-O 20.
Rxe7 Rxh8 1-0

[Event "BPB Limburg open C"]
[Site "Maastricht"]
[Date "2014.06.06"]
[Round "1"]
[White "De Jong, Lucas"]
[Black "Lennartz, Tim"]
[Result "1-0"]
[WhiteElo "1585"]
[BlackElo "1087"]
[PlyCount "41"]
[EventDate "2014.06.06"]
[EventType "swiss"]
[EventRounds "7"]
[EventCountry "NED"]
[Source "P.Boonen"]
[SourceDate "2014.10.10"]

1. e4 e5 2. Nf3 Nc6 3. d4 exd4 4. Nxd4 Bc5 5. Be3 Qf6 6. c3 Nge7 7. Bc4 Qg6 8.
O-O Qxe4 9. Re1 d5 10. Nxc6 Bxe3 11. Rxe3 Qxc4 12. Rxe7+ Kf8 13. Rxf7+ Kg8 14.
Ne5 Qe4 15. Nf3 c6 16. Ng5 Qg6 17. f4 h6 18. Re7 hxg5 19. fxg5 Qd6 20. Re8+ Kh7
21. Qh5+ 1-0

[Event "BPB Limburg open C"]
[Site "Maastricht"]
[Date "2014.06.06"]
[Round "1"]
[White "De Mon, Gino"]
[Black "Smits, Marc"]
[Result "1-0"]
[WhiteElo "1744"]
[BlackElo "1532"]
[PlyCount "35"]
[EventDate "2014.06.06"]
[EventType "swiss"]
[EventRounds "7"]
[EventCountry "NED"]
[Source "P.Boonen"]
[SourceDate "2014.10.10"]

1. e4 e5 2. Nf3 d6 3. d4 Nd7 4. Bc4 h6 5. dxe5 dxe5 6. Bxf7+ Kxf7 7. Nxe5+ Nxe5
8. Qxd8 Nf6 9. Qxc7+ Ned7 10. O-O Be7 11. Nc3 Nc5 12. Nd5 Nfd7 13. Nxe7 Kxe7
14. Bf4 Ne6 15. Bd6+ Kf7 16. Qc4 Nb6 17. Qb3 Re8 18. f4 1-0

[Event "BPB Limburg open C"]
[Site "Maastricht"]
[Date "2014.06.06"]
[Round "1"]
[White "De Ridder, Yulian"]
[Black "Terwagne, Bertrand"]
[Result "0-1"]
[WhiteElo "1348"]
[BlackElo "1654"]
[PlyCount "48"]
[EventDate "2014.06.06"]
[EventType "swiss"]
[EventRounds "7"]
[EventCountry "NED"]
[Source "P.Boonen"]
[SourceDate "2014.10.10"]

1. e4 e5 2. Nf3 Nc6 3. Bc4 Bc5 4. d3 Nf6 5. Nc3 d6 6. Be3 Nd4 7. Bxd4 exd4 8.
Na4 Bb4+ 9. c3 dxc3 10. bxc3 Ba5 11. Qb3 O-O 12. h3 Bd7 13. Nb2 a6 14. Qc2 b5
15. Bb3 c5 16. O-O-O Bc6 17. Rhe1 Re8 18. a3 Nd7 19. d4 Qf6 20. Re2 Qf4+ 21.
Qd2 Qxd2+ 22. Nxd2 Bxc3 23. dxc5 Nxc5 24. Nb1 Nxb3+ 0-1

[Event "BPB Limburg open C"]
[Site "Maastricht"]
[Date "2014.06.06"]
[Round "1"]
[White "Decruyenaere, Robbert"]
[Black "Roemhild, Wolfgang"]
[Result "1-0"]
[WhiteElo "1526"]
[BlackElo "1743"]
[PlyCount "55"]
[EventDate "2014.06.06"]
[EventType "swiss"]
[EventRounds "7"]
[EventCountry "NED"]
[Source "P.Boonen"]
[SourceDate "2014.10.10"]

1. d4 g6 2. c4 Bg7 3. Nf3 d6 4. Nc3 Nf6 5. e4 O-O 6. Be2 Nbd7 7. O-O h6 8. Be3
Nh7 9. Qd2 g5 10. h3 Ndf6 11. Nh2 Ne8 12. f4 e6 13. Nf3 f6 14. Nh2 f5 15. Bd3
Nef6 16. fxg5 Nh5 17. gxh6 Bf6 18. exf5 Ng3 19. Rf3 Nxf5 20. Bxf5 exf5 21. Nd5
Bh4 22. Rff1 c6 23. Nc3 Bg5 24. Bxg5 Nxg5 25. Nf3 Nf7 26. Qf4 Qf6 27. Ne4 Qe7
28. Qg3+ 1-0

[Event "BPB Limburg open C"]
[Site "Maastricht"]
[Date "2014.06.06"]
[Round "1"]
[White "Disters, Ingrid"]
[Black "Uiterwijk, Jos"]
[Result "0-1"]
[WhiteElo "1223"]
[BlackElo "1606"]
[PlyCount "72"]
[EventDate "2014.06.06"]
[EventType "swiss"]
[EventRounds "7"]
[EventCountry "NED"]
[Source "P.Boonen"]
[SourceDate "2014.10.10"]

1. e4 c5 2. Nf3 d6 3. d3 Nf6 4. Nbd2 g6 5. g3 Bg7 6. Bg2 O-O 7. O-O Nc6 8. c3
Rb8 9. Re1 Bd7 10. Qc2 b5 11. Nf1 a5 12. e5 dxe5 13. Nxe5 Nxe5 14. Rxe5 Bf5 15.
Rxc5 Bxd3 16. Qd2 Bxf1 17. Kxf1 Qxd2 18. Bxd2 Nd7 19. Rc7 Nb6 20. Rxe7 Bf6 21.
Re4 g5 22. Re2 Nc4 23. b3 Nxd2+ 24. Rxd2 Bxc3 25. Rd5 Bxa1 26. Rxg5+ Bg7 27.
Be4 h6 28. Rg4 Rbd8 29. Rf4 Rd1+ 30. Kg2 Rd2 31. a3 Kh8 32. Rh4 Rd4 33. f3 f5
34. Bc6 Rxh4 35. gxh4 b4 36. a4 Be5 0-1

[Event "BPB Limburg open C"]
[Site "Maastricht"]
[Date "2014.06.06"]
[Round "1"]
[White "Dubbeldam, Lydia"]
[Black "Loutragotis, Dimitri"]
[Result "0-1"]
[WhiteElo "1641"]
[BlackElo "1340"]
[PlyCount "80"]
[EventDate "2014.06.06"]
[EventType "swiss"]
[EventRounds "7"]
[EventCountry "NED"]
[Source "P.Boonen"]
[SourceDate "2014.10.10"]

1. e4 c5 2. Nf3 d6 3. d4 cxd4 4. Nxd4 Nf6 5. Nc3 a6 6. Be2 b5 7. a3 Bb7 8. f3
g6 9. Be3 Bg7 10. Qd2 h5 11. O-O-O Nc6 12. h3 h4 13. Kb1 Rc8 14. f4 O-O 15. Bf3
Na5 16. Qe1 Nc4 17. Bc1 Qb6 18. b3 Nd7 19. Nde2 Na5 20. Bb2 Rc7 21. Nd5 Bxd5
22. Rxd5 Bxb2 23. Kxb2 Rfc8 24. Rd2 Nc4+ 25. bxc4 bxc4+ 26. Ka2 c3 27. Nxc3
Rxc3 28. Qc1 Qc5 29. Be2 Rxc2+ 30. Rxc2 Qxc2+ 31. Qb2 Qxe4 32. Bf3 Qxf4 33. Re1
Ne5 34. Re4 Qf6 35. Qb7 Qe6+ 36. Kb1 Rc3 37. Kb2 Rd3 38. Qb8+ Kg7 39. Kc2 Qa2+
40. Qb2 Rd2+ 0-1

[Event "BPB Limburg open C"]
[Site "Maastricht"]
[Date "2014.06.06"]
[Round "1"]
[White "Dubbeldam, Mathijs"]
[Black "Schelleman, Iris"]
[Result "0-1"]
[WhiteElo "1350"]
[BlackElo "1656"]
[PlyCount "92"]
[EventDate "2014.06.06"]
[EventType "swiss"]
[EventRounds "7"]
[EventCountry "NED"]
[Source "P.Boonen"]
[SourceDate "2014.10.10"]

1. e4 e5 2. Nf3 Nc6 3. d4 exd4 4. Nxd4 Bc5 5. Be3 Qf6 6. c3 Nge7 7. Bc4 O-O 8.
O-O Bb6 9. f4 d6 10. Qd3 Re8 11. Nd2 Bd7 12. Rae1 Ng6 13. Bb3 Rad8 14. Nc4 Bc5
15. Bc2 a6 16. b4 Ba7 17. Nxc6 Bxe3+ 18. Qxe3 Bxc6 19. e5 dxe5 20. fxe5 Qe6 21.
Bb3 Bd5 22. Qe2 b5 23. Na5 Bxb3 24. Nxb3 Qxe5 25. Qf2 Qd5 26. Rxe8+ Rxe8 27.
Nc5 Ra8 28. Qg3 Qe5 29. Qf3 Qe8 30. Qb7 Qc8 31. Qxc8+ Rxc8 32. Nxa6 c6 33. Nc5
Ra8 34. Ra1 Ra3 35. Rd1 h6 36. Rd8+ Kh7 37. Rd2 Rxc3 38. a4 bxa4 39. Nxa4 Rc4
40. Rb2 Ne5 41. Nc5 Ng4 42. Nd3 Rc3 43. Rd2 Rb3 44. h3 Rb1+ 45. Nc1 Rxc1+ 46.
Rd1 Rxd1# 0-1

[Event "BPB Limburg open C"]
[Site "Maastricht"]
[Date "2014.06.06"]
[Round "1"]
[White "Fortenbacher, Dominic"]
[Black "Welling, Sophie"]
[Result "0-1"]
[WhiteElo "1337"]
[BlackElo "1633"]
[PlyCount "78"]
[EventDate "2014.06.06"]
[EventType "swiss"]
[EventRounds "7"]
[EventCountry "NED"]
[Source "P.Boonen"]
[SourceDate "2014.10.10"]

1. e4 c5 2. Nf3 e6 3. Nc3 a6 4. a4 Nc6 5. d3 Qc7 6. Be3 d6 7. Be2 Nf6 8. h3 Be7
9. Qc1 d5 10. exd5 exd5 11. Bg5 d4 12. Bxf6 Bxf6 13. Nd5 Qd8 14. Nxf6+ Qxf6 15.
Qg5 Qxg5 16. Nxg5 O-O 17. Ne4 Nb4 18. Rc1 b6 19. O-O Re8 20. Bf3 Rb8 21. Nd6
Re7 22. Be4 Bd7 23. b3 Na2 24. Rce1 Re6 25. Nxf7 Kxf7 26. Bd5 Nb4 27. Bxe6+
Bxe6 28. Re2 Nxc2 29. Rxc2 Bxb3 30. Rb2 Bxa4 31. Rfb1 Bb5 32. Rb3 Re8 33. f3
Re3 34. Rxb5 axb5 35. Rxb5 Rxd3 36. Rxb6 c4 37. Kf1 Rb3 38. Rc6 c3 39. Ke1 d3
0-1

[Event "BPB Limburg open C"]
[Site "Maastricht"]
[Date "2014.06.06"]
[Round "1"]
[White "Godde, Matthias"]
[Black "Krohn, Malte"]
[Result "0-1"]
[WhiteElo "1277"]
[BlackElo "1617"]
[PlyCount "54"]
[EventDate "2014.06.06"]
[EventType "swiss"]
[EventRounds "7"]
[EventCountry "NED"]
[Source "P.Boonen"]
[SourceDate "2014.10.10"]

1. d4 d5 2. Nf3 Nf6 3. e3 e6 4. Bd3 c5 5. b3 cxd4 6. exd4 Bb4+ 7. Bd2 Nc6 8.
O-O Qb6 9. Nc3 Bxc3 10. Bxc3 Nb4 11. Bxb4 Qxb4 12. Qe2 Bd7 13. Ne5 Qxd4 14. Bb5
Qb6 15. Nxd7 Nxd7 16. c4 d4 17. Qg4 g6 18. Rfd1 O-O-O 19. Rxd4 Ne5 20. Rxd8+
Rxd8 21. Qf4 Qd4 22. Qxd4 Rxd4 23. Kf1 Rd2 24. Ke1 Rb2 25. Be8 Nd3+ 26. Kd1
Rxf2 27. Rb1 Kd8 0-1

[Event "BPB Limburg open C"]
[Site "Maastricht"]
[Date "2014.06.06"]
[Round "1"]
[White "Godding, Mick"]
[Black "Koppens, Gertie"]
[Result "1-0"]
[WhiteElo "1616"]
[BlackElo "1265"]
[PlyCount "57"]
[EventDate "2014.06.06"]
[EventType "swiss"]
[EventRounds "7"]
[EventCountry "NED"]
[Source "P.Boonen"]
[SourceDate "2014.10.10"]

1. f4 d5 2. b3 Bf5 3. e3 e6 4. Nf3 Nc6 5. Bb5 Nge7 6. Bb2 a6 7. Bxc6+ Nxc6 8.
O-O f6 9. d3 Bc5 10. Re1 O-O 11. Nh4 Ne7 12. Nd2 c6 13. g4 g5 14. fxg5 fxg5 15.
gxf5 Nxf5 16. Nxf5 exf5 17. Be5 g4 18. d4 Be7 19. c4 Bh4 20. Re2 Qg5 21. Bf4
Qg6 22. Rg2 Kf7 23. Nf3 Qh5 24. Nxh4 Qxh4 25. cxd5 cxd5 26. Qc2 Ke6 27. Qc7 Qe7
28. Qe5+ Kf7 29. Qxf5+ 1-0

[Event "BPB Limburg open C"]
[Site "Maastricht"]
[Date "2014.06.06"]
[Round "1"]
[White "Hammers, Michael"]
[Black "Dewilde, Rudi"]
[Result "1-0"]
[WhiteElo "1604"]
[BlackElo "1190"]
[PlyCount "61"]
[EventDate "2014.06.06"]
[EventType "swiss"]
[EventRounds "7"]
[EventCountry "NED"]
[Source "P.Boonen"]
[SourceDate "2014.10.10"]

1. e4 e5 2. Nf3 Nc6 3. Bc4 Be7 4. c3 d6 5. h3 Be6 6. Bb5 d5 7. Nxe5 Qd6 8. d4
f6 9. Nd3 dxe4 10. Nf4 Bd5 11. c4 Bf7 12. d5 O-O-O 13. Qg4+ Kb8 14. dxc6 h5 15.
Qe2 bxc6 16. Ba6 c5 17. Bb5 Qd4 18. O-O g5 19. Nd5 Bxd5 20. cxd5 Rxd5 21. Nc3
Re5 22. Be3 Qb4 23. a3 Qa5 24. b4 Qb6 25. Na4 Qe6 26. Bxc5 g4 27. Rfd1 gxh3 28.
Bd7 h2+ 29. Kh1 Qf7 30. Qb5+ Ka8 31. Bc6# 1-0

[Event "BPB Limburg open C"]
[Site "Maastricht"]
[Date "2014.06.06"]
[Round "1"]
[White "Heijenrath, Jan"]
[Black "Lennartz, Ludwig"]
[Result "1/2-1/2"]
[WhiteElo "1740"]
[BlackElo "1511"]
[PlyCount "88"]
[EventDate "2014.06.06"]
[EventType "swiss"]
[EventRounds "7"]
[EventCountry "NED"]
[Source "P.Boonen"]
[SourceDate "2014.10.10"]

1. Nf3 d5 2. d4 Nf6 3. c4 e6 4. Nc3 c6 5. Bg5 Be7 6. e3 Nbd7 7. Rc1 O-O 8. Bd3
dxc4 9. Bxc4 Nb6 10. Bd3 h6 11. Bh4 Nbd5 12. O-O Qb6 13. Qe2 Nxc3 14. bxc3 Nd5
15. c4 Bxh4 16. cxd5 Be7 17. dxc6 bxc6 18. Ne5 c5 19. Rb1 Qd6 20. Nc4 Qc7 21.
Be4 Rb8 22. Rxb8 Qxb8 23. Rb1 Qc7 24. Ne5 Bd6 25. f4 cxd4 26. exd4 Bxe5 27.
dxe5 Qc3 28. Qd3 Qa5 29. Rd1 Ba6 30. Qd6 Be2 31. Rd2 Bb5 32. h3 Qc3 33. Qd4
Qc1+ 34. Kh2 Qf1 35. Qf2 Qxf2 36. Rxf2 Rd8 37. Rb2 a6 38. Kg3 Kf8 39. Kf2 Ke7
40. Ke3 Rd1 41. Rd2 Rxd2 42. Kxd2 Kd7 43. Kc3 Kc7 44. Kb4 Kb6 1/2-1/2

[Event "BPB Limburg open C"]
[Site "Maastricht"]
[Date "2014.06.06"]
[Round "1"]
[White "Heman, Frans"]
[Black "Muntean, Adrian"]
[Result "1-0"]
[WhiteElo "1549"]
[BlackElo "1000"]
[PlyCount "89"]
[EventDate "2014.06.06"]
[EventType "swiss"]
[EventRounds "7"]
[EventCountry "NED"]
[Source "P.Boonen"]
[SourceDate "2014.10.10"]

1. f4 d5 2. Nf3 Bf5 3. e3 Nf6 4. b3 e6 5. Bb2 Be7 6. Bd3 Bxd3 7. cxd3 O-O 8.
O-O c5 9. Nc3 Nc6 10. Ne2 b5 11. Ng3 Bd6 12. Ne5 Ne7 13. Rc1 Ng6 14. Nh5 Nxh5
15. Qxh5 Be7 16. Rf3 d4 17. Rh3 h6 18. Nc6 Qd7 19. Nxe7+ Qxe7 20. Rxc5 Rac8 21.
Bxd4 Rfd8 22. b4 Rxc5 23. Bxc5 Qc7 24. d4 Rd5 25. Qg4 Kh7 26. Qf3 a5 27. a3
axb4 28. axb4 Ne7 29. Qe2 Rd8 30. Qxb5 Ra8 31. Rf3 Ra2 32. Qd3+ g6 33. e4 f5
34. e5 Qb7 35. Rf1 Nd5 36. g3 h5 37. h3 Qa8 38. b5 Ra3 39. Qxa3 Qd8 40. Qa7+
Kh6 41. Ra1 Nxf4 42. Qe7 Ne2+ 43. Kf2 Qd5 44. Qf8+ Kg5 45. Be7# 1-0

[Event "BPB Limburg open C"]
[Site "Maastricht"]
[Date "2014.06.06"]
[Round "1"]
[White "Heuts, Guido"]
[Black "Montforts, Ton"]
[Result "0-1"]
[WhiteElo "1345"]
[BlackElo "1650"]
[PlyCount "106"]
[EventDate "2014.06.06"]
[EventType "swiss"]
[EventRounds "7"]
[EventCountry "NED"]
[Source "P.Boonen"]
[SourceDate "2014.10.10"]

1. d4 Nf6 2. c4 c5 3. e3 cxd4 4. exd4 d5 5. Nc3 g6 6. Nf3 Bg7 7. Be2 O-O 8. h3
dxc4 9. Bxc4 Nc6 10. O-O Bd7 11. Re1 Rc8 12. Be3 h6 13. a3 Be8 14. b4 Nxb4 15.
Qb3 Nc6 16. d5 Na5 17. Qc2 Nxc4 18. Bxa7 Nd6 19. Bd4 Nxd5 20. Bxg7 Kxg7 21. Qb2
Nxc3 22. Rac1 Kg8 23. Rxc3 Rxc3 24. Qxc3 Bc6 25. Ne5 Kh7 26. Nxc6 bxc6 27. Qxc6
Qa8 28. Qc3 Re8 29. Rd1 Qa7 30. Qb3 Kg7 31. Qc3+ f6 32. Qe1 Qxa3 33. Ra1 Qc5
34. Rc1 Qb6 35. Rd1 Qc7 36. Qe2 Qd7 37. Rd3 Rc8 38. Kh2 Qc7 39. g3 Nf5 40. Kg2
Qc6+ 41. Kh2 e5 42. Qd2 Nd4 43. Qd1 Qc2 44. Kg2 Qxd1 45. Rxd1 Rc7 46. Rd2 Kf7
47. f4 Rc2 48. Rxc2 Nxc2 49. Kf2 exf4 50. gxf4 Ke6 51. Kf3 Kf5 52. h4 Nd4+ 53.
Kg3 Ne2+ 0-1

[Event "BPB Limburg open C"]
[Site "Maastricht"]
[Date "2014.06.06"]
[Round "1"]
[White "Janssen, Fynn"]
[Black "Van Ginneken, Jos"]
[Result "1-0"]
[WhiteElo "1335"]
[BlackElo "1621"]
[PlyCount "45"]
[EventDate "2014.06.06"]
[EventType "swiss"]
[EventRounds "7"]
[EventCountry "NED"]
[Source "P.Boonen"]
[SourceDate "2014.10.10"]

1. e4 d6 2. d4 Nf6 3. Nc3 Nbd7 4. f4 e5 5. Nf3 exd4 6. Qxd4 Nb6 7. e5 c5 8.
Bb5+ Bd7 9. Qd3 Bxb5 10. Nxb5 Nfd5 11. c4 Nb4 12. Qd1 Nxc4 13. Qe2 d5 14. b3
Nb6 15. Nd6+ Bxd6 16. exd6+ Kd7 17. Ne5+ Kc8 18. O-O Qxd6 19. Nxf7 Qf6 20. Nxh8
Qxa1 21. Bb2 Qxa2 22. Qe8+ Kc7 23. Be5# 1-0

[Event "BPB Limburg open C"]
[Site "Maastricht"]
[Date "2014.06.06"]
[Round "1"]
[White "Janssen, Valerie"]
[Black "Mollema, Henk"]
[Result "0-1"]
[WhiteElo "1000"]
[BlackElo "1568"]
[PlyCount "44"]
[EventDate "2014.06.06"]
[EventType "swiss"]
[EventRounds "7"]
[EventCountry "NED"]
[Source "P.Boonen"]
[SourceDate "2014.10.10"]

1. d4 f5 2. c4 g6 3. Nc3 Nf6 4. Nf3 Bg7 5. e3 O-O 6. Be2 d6 7. O-O Qe8 8. b3 e5
9. Bb2 e4 10. Nd2 c6 11. d5 Nbd7 12. Re1 Ne5 13. f3 exf3 14. Nxf3 h6 15. dxc6
Qxc6 16. Nd4 Qd7 17. a4 a6 18. Ba3 Nfg4 19. Bxg4 Nxg4 20. h3 Nf6 21. Nf3 Ne4
22. Rc1 Nxc3 0-1

[Event "BPB Limburg open C"]
[Site "Maastricht"]
[Date "2014.06.06"]
[Round "1"]
[White "Krug, Franz Dieter"]
[Black "Muntean, Victor"]
[Result "1-0"]
[WhiteElo "1596"]
[BlackElo "1138"]
[PlyCount "91"]
[EventDate "2014.06.06"]
[EventType "swiss"]
[EventRounds "7"]
[EventCountry "NED"]
[Source "P.Boonen"]
[SourceDate "2014.10.10"]

1. d4 d5 2. c4 e6 3. Nc3 Nf6 4. cxd5 exd5 5. Bg5 Be7 6. e3 Nc6 7. Nf3 Bf5 8. a3
O-O 9. Be2 h6 10. Bh4 Ne4 11. Bxe7 Nxc3 12. bxc3 Qxe7 13. O-O Na5 14. Qa4 b6
15. Ne5 c5 16. Bf3 cxd4 17. cxd4 f6 18. Bxd5+ Kh8 19. Bxa8 fxe5 20. Bf3 Qg5 21.
dxe5 Bh3 22. Qd1 Nb3 23. Ra2 Nc1 24. Rd2 Nb3 25. Rd5 h5 26. Kh1 Be6 27. Rd6
Qxe5 28. Rd8 Rxd8 29. Qxd8+ Kh7 30. Qd3+ g6 31. Be4 Qf6 32. Bf3 Kh6 33. Qd6 Qf7
34. Qf4+ Qxf4 35. exf4 Nd2 36. Re1 Bc4 37. Bc6 Ba6 38. Re7 Nb3 39. Rxa7 Nc5 40.
Bd5 Bb5 41. Bg8 Bd7 42. f3 Kg7 43. Bc4 Kf6 44. g4 hxg4 45. fxg4 Bxg4 46. Rf7#
1-0

[Event "BPB Limburg open C"]
[Site "Maastricht"]
[Date "2014.06.06"]
[Round "1"]
[White "Laureys, Jo"]
[Black "Havenith, Michael"]
[Result "0-1"]
[WhiteElo "1264"]
[BlackElo "1615"]
[PlyCount "35"]
[EventDate "2014.06.06"]
[EventType "swiss"]
[EventRounds "7"]
[EventCountry "NED"]
[Source "P.Boonen"]
[SourceDate "2014.10.10"]

1. d4 Nf6 2. Nf3 g6 3. e3 Bg7 4. b3 c5 5. c4 Nc6 6. a3 O-O 7. Bb2 cxd4 8. exd4
d5 9. c5 Bg4 10. Nbd2 Ne4 11. h3 Bxf3 12. Nxf3 Qa5+ 13. b4 Nxb4 14. axb4 Qxb4+
15. Nd2 Qxb2 16. Nxe4 dxe4 17. Bc4 Qc3+ 18. Qd2 0-1